College Algebra (Math 113) Custom Edition for the University of Maryland / (Record no. 615364)
[ view plain ]
| 000 -LEADER | |
|---|---|
| fixed length control field | 00412nam a22001457a 4500 |
| 020 ## - INTERNATIONAL STANDARD BOOK NUMBER | |
| Qualifying information | PB. |
| 040 ## - CATALOGING SOURCE | |
| Transcribing agency | FIZZA ISHAQ |
| 082 ## - DEWEY DECIMAL CLASSIFICATION NUMBER | |
| Classification number | 512.0076 |
| Author Mark | BLI |
| 100 ## - MAIN ENTRY--PERSONAL NAME | |
| Personal name | BLITZER,ROBERT. |
| 9 (RLIN) | 131686 |
| 245 ## - TITLE STATEMENT | |
| Title | College Algebra (Math 113) Custom Edition for the University of Maryland / |
| Statement of responsibility, etc. | ROBERT BLITZER. |
| 250 ## - EDITION STATEMENT | |
| Edition statement | 5TH ED. |
| 260 ## - PUBLICATION, DISTRIBUTION, ETC. | |
| Place of publication, distribution, etc. | NEW YORK: |
| Name of publisher, distributor, etc. | PEARSON, |
| Date of publication, distribution, etc. | 2010. |
| 300 ## - PHYSICAL DESCRIPTION | |
| Extent | 702 P. ; |
| Dimensions | 10.9X8.5IN |
| 942 ## - ADDED ENTRY ELEMENTS (KOHA) | |
| Source of classification or shelving scheme | |
| Koha item type | Book |
| Withdrawn status | Lost status | Source of classification or shelving scheme | Damaged status | Not for loan | Permanent Location | Current Location | Shelving location | Date acquired | Full call number | Barcode | Date last seen | Copy number | Price effective from | Koha item type | Total Checkouts |
|---|---|---|---|---|---|---|---|---|---|---|---|---|---|---|---|
| NUST Baluchistan Campus (NBC) | NUST Baluchistan Campus (NBC) | Text Books | 11/19/2025 | 512.9 BLI | QD-105 | 11/19/2025 | 4 | 11/19/2025 | Book | ||||||
| NUST Baluchistan Campus (NBC) | NUST Baluchistan Campus (NBC) | Text Books | 11/19/2025 | 512.9 BLI | 11/19/2025 | 1 | 11/19/2025 | Book | |||||||
| NUST Baluchistan Campus (NBC) | NUST Baluchistan Campus (NBC) | Text Books | 11/19/2025 | 512.9 BLI | QD-104 | 11/19/2025 | 3 | 11/19/2025 | Book | ||||||
| NUST Baluchistan Campus (NBC) | NUST Baluchistan Campus (NBC) | Text Books | 11/19/2025 | 512.9 BLI | QD-407 | 11/19/2025 | 5 | 11/19/2025 | Book |
